000 00296nam a22001217a 4500
003 SGT
082 _a616.89
_bM07R
100 _aRAO, KIRAN
245 _aMINDS CAPES: GLOBAL PERSPECTIVES ON PSYCHOLOGY IN MENTAL HEALTH
260 _aINDIA
_bNIMHANS
_c2007
300 _a551
942 _2ddc
_cBK
_01
999 _c15089
_d15089